Datum a čas kvízu
11.5
Celkem bodů
Celkový počet nahraných bodů na tomto kvízu bez doplňovacích otázek.
14.
Pořadí na kvízu
Konečné umístění týmu na tomto kvízu.
Zaznamenané odpovědi
| # | Otázka | Odpověď | Body | Výsledky |
|---|---|---|---|---|
| 1. | Slovenský ministr zemědělství... | Křtiny | 1 | |
| 2. | Georgio Loiseau, starosta fran... | štěkání psů | 0 | |
| 3. | Čeští a slovenští archeologové... | v Guatemale | 0 | |
| 4. | Roční míra inflace v jisté zem... | Argentina | 0 | |
| 5. | Na letošním ročníku Dakaru zau... | Kachna | 0 | |
| 6. | Některá slova mají různé grama... | (o) hrabatech | 0 | |
| 7. | Přiřaďte ke každému slovu jeho... | 1A 2D 3C 4B | 0 | |
| 8. | Dva gramatické rody můžeme při... | sršeň | 0 | |
| 9. | V minulé otázce jsme se ptali... | zombie | 0 | |
| 10. | Začátkem roku 2023 byla Ústave... | hranolka, hranolek | 0 |